[Event "Irena Warakomska Memorial A"]
[Site "chessmanager.com"]
[Date "2018.08.04"]
[Round "5"]
[White "Lewtak, Dominik"]
[Black "Gumularz, Szymon"]
[Result "0-1"]
[Board "30"]
[WhiteElo "2164"]
[WhiteCountry "POL"]
[WhiteFideId "1112570"]
[WhiteEloChange "-3"]
[BlackElo "2461"]
[BlackTitle "IM"]
[BlackCountry "POL"]
[BlackFideId "1188062"]
[BlackEloChange "2"]

1. e4 {[%clk 1:30:56]} g6 {[%clk 1:30:57]} 2. d4 {[%clk 1:31:02]} Bg7 {[%clk
1:31:23]} 3. c4 {[%clk 1:29:51]} d6 {[%clk 1:31:46]} 4. Nf3 {[%clk 1:29:16]} Bg4
{[%clk 1:32:07]} 5. Be2 {[%clk 1:28:55]} Nc6 {[%clk 1:32:10]} 6. Be3 {[%clk
1:24:34]} e5 {[%clk 1:32:07]} 7. dxe5 {[%clk 1:21:24]} dxe5 {[%clk 1:31:55]} 8.
Qb3 {[%clk 1:18:57]} Qc8 {[%clk 1:26:42]} 9. O-O {[%clk 1:17:48]} Nf6 {[%clk
1:26:50]} 10. Nc3 {[%clk 1:17:47]} O-O {[%clk 1:27:04]} 11. Rfd1 {[%clk 1:16:41]}
Re8 {[%clk 1:23:53]} 12. Rac1 {[%clk 1:11:02]} Nd7 {[%clk 1:21:47]} 13. h3 {[%clk
1:08:57]} Bxf3 {[%clk 1:22:12]} 14. Bxf3 {[%clk 1:09:21]} h5 {[%clk 1:18:22]} 15.
c5 {[%clk 1:05:22]} Nf8 {[%clk 1:16:49]} 16. g4 {[%clk 0:57:13]} h4 {[%clk
1:09:13]} 17. Ne2 {[%clk 0:50:42]} Ne6 {[%clk 1:08:51]} 18. g5 {[%clk 0:50:40]}
Ncd4 {[%clk 1:04:27]} 19. Bxd4 {[%clk 0:50:49]} Nxd4 {[%clk 1:03:02]} 20. Nxd4
{[%clk 0:51:13]} exd4 {[%clk 1:03:30]} 21. Bg4 {[%clk 0:51:34]} Qd8 {[%clk
1:03:45]} 22. Qxb7 {[%clk 0:51:24]} Qxg5 {[%clk 1:03:49]} 23. Qd5 {[%clk
0:51:18]} Qf4 {[%clk 0:59:45]} 24. Re1 {[%clk 0:36:28]} Rad8 {[%clk 0:59:19]} 25.
Qc6 {[%clk 0:36:22]} d3 {[%clk 0:58:51]} 26. Rcd1 {[%clk 0:34:12]} Bd4 {[%clk
0:59:05]} 27. Rf1 {[%clk 0:34:08]} Be5 {[%clk 0:59:31]} 28. Kg2 {[%clk 0:34:16]}
d2 {[%clk 0:48:18]} 29. b4 {[%clk 0:22:49]} Kg7 {[%clk 0:47:11]} 30. Rg1 {[%clk
0:20:26]} Bd4 {[%clk 0:46:54]} 31. Rgf1 {[%clk 0:20:28]} Bf6 {[%clk 0:39:14]} 32.
Qa4 {[%clk 0:14:34]} Rxe4 {[%clk 0:38:16]} 33. a3 {[%clk 0:14:33]} Be5 {[%clk
0:37:33]} 34. Rh1 {[%clk 0:14:42]} Rd3 {[%clk 0:37:40]} 35. Qxa7 {[%clk 0:13:32]}
Rg3+ {[%clk 0:36:37]} 36. Kf1 {[%clk 0:13:56]} Qxf2+ {[%clk 0:35:49]} 37. Kxf2
{[%clk 0:13:57]} Bd4+ {[%clk 0:36:15]} 38. Kf1 {[%clk 0:14:18]} Rf4+ {[%clk
0:36:41]} 39. Bf3 {[%clk 0:14:01]} Rfxf3+ {[%clk 0:37:05]} 40. Ke2 {[%clk
0:44:26]} Rf2# {[%clk 1:07:32]} 0-1

[Event "Irena Warakomska Memorial A"]
[Site "chessmanager.com"]
[Date "2018.08.04"]
[Round "5"]
[White "Schippers, Maurice"]
[Black "Paprocki, Jaroslaw"]
[Result "1-0"]
[Board "31"]
[WhiteElo "2303"]
[WhiteCountry "NED"]
[WhiteFideId "1004735"]
[WhiteEloChange "6"]
[BlackElo "2143"]
[BlackCountry "POL"]
[BlackFideId "1122274"]
[BlackEloChange "-6"]

1. d4 {[%clk 1:30:57]} Nf6 {[%clk 1:30:23]} 2. g3 {[%clk 1:31:23]} d5 {[%clk
1:25:15]} 3. Bg2 {[%clk 1:31:40]} g6 {[%clk 1:20:46]} 4. Nf3 {[%clk 1:32:04]} Bg7
{[%clk 1:21:13]} 5. O-O {[%clk 1:32:28]} O-O {[%clk 1:21:41]} 6. c4 {[%clk
1:32:39]} c6 {[%clk 1:16:34]} 7. cxd5 {[%clk 1:31:34]} cxd5 {[%clk 1:16:54]} 8.
Nc3 {[%clk 1:31:58]} Nc6 {[%clk 1:11:06]} 9. Ne5 {[%clk 1:30:45]} Nxe5 {[%clk
1:08:46]} 10. dxe5 {[%clk 1:31:10]} Ng4 {[%clk 1:09:12]} 11. f4 {[%clk 1:23:22]}
Qb6+ {[%clk 1:04:28]} 12. Kh1 {[%clk 1:21:44]} e6 {[%clk 1:04:29]} 13. Qd3 {[%clk
1:16:12]} f6 {[%clk 0:50:25]} 14. exf6 {[%clk 1:14:50]} Bxf6 {[%clk 0:49:32]} 15.
Qf3 {[%clk 1:11:35]} Nh6 {[%clk 0:47:19]} 16. e4 {[%clk 1:11:13]} d4 {[%clk
0:42:48]} 17. Na4 {[%clk 1:05:44]} Qb5 {[%clk 0:36:18]} 18. b3 {[%clk 1:03:47]}
e5 {[%clk 0:28:35]} 19. f5 {[%clk 0:54:58]} Bg7 {[%clk 0:24:20]} 20. Ba3 {[%clk
0:54:09]} Rf7 {[%clk 0:22:06]} 21. g4 {[%clk 0:53:14]} Bd7 {[%clk 0:14:04]} 22.
Qh3 {[%clk 0:44:45]} Kh8 {[%clk 0:10:32]} 23. Bc1 {[%clk 0:28:49]} g5 {[%clk
0:07:00]} 24. Bxg5 {[%clk 0:28:09]} Ng8 {[%clk 0:06:49]} 25. Rac1 {[%clk
0:25:18]} Bf8 {[%clk 0:06:16]} 26. Bh4 {[%clk 0:22:49]} Ba3 {[%clk 0:05:14]} 27.
Rc2 {[%clk 0:21:40]} Rc8 {[%clk 0:05:15]} 28. Rxc8 {[%clk 0:21:05]} Bxc8 {[%clk
0:05:42]} 29. g5 {[%clk 0:19:55]} Ne7 {[%clk 0:04:22]} 30. Bg3 {[%clk 0:18:50]}
Kg8 {[%clk 0:03:45]} 31. Qh5 {[%clk 0:18:10]} Bd7 {[%clk 0:02:30]} 32. Rg1 {[%clk
0:17:46]} Qa5 {[%clk 0:00:50]} 33. g6 {[%clk 0:12:58]} hxg6 {[%clk 0:01:17]} 34.
fxg6 {[%clk 0:13:23]} Rg7 {[%clk 0:01:39]} 35. Qxe5 {[%clk 0:13:00]} Qd2 {[%clk
0:00:49]} 36. Nc5 {[%clk 0:12:05]} Bc8 {[%clk 0:00:34]} 37. Ne6 {[%clk 0:08:34]}
Rxg6 {[%clk 0:00:46]} 38. Qxd4 {[%clk 0:07:30]} Qh6 {[%clk 0:01:11]} 39. Nc5
{[%clk 0:06:01]} Rxg3 {[%clk 0:00:49]} 40. Qd8+ {[%clk 0:35:29]} Qf8 {[%clk
0:30:35]} 41. Qxf8+ {[%clk 0:33:10]} Kxf8 {[%clk 0:30:59]} 42. hxg3 {[%clk
0:33:18]} Bxc5 {[%clk 0:31:26]} 43. Rc1 {[%clk 0:31:45]} b6 {[%clk 0:29:59]} 44.
Kh2 {[%clk 0:30:47]} Nc6 {[%clk 0:26:07]} 45. Bh3 {[%clk 0:29:10]} Ba6 {[%clk
0:26:24]} 46. Bf1 {[%clk 0:23:05]} Bb7 {[%clk 0:26:00]} 47. Bc4 {[%clk 0:22:58]}
Ne5 {[%clk 0:25:57]} 48. Bd5 {[%clk 0:22:34]} Ba6 {[%clk 0:22:38]} 49. b4 {[%clk
0:20:56]} Bd6 {[%clk 0:21:58]} 50. a3 {[%clk 0:20:49]} Ke7 {[%clk 0:21:36]} 51.
Kg2 {[%clk 0:18:13]} Kf6 {[%clk 0:17:48]} 52. Rh1 {[%clk 0:17:26]} Kg7 {[%clk
0:17:52]} 53. Be6 {[%clk 0:15:38]} Be2 {[%clk 0:17:39]} 54. Kf2 {[%clk 0:14:55]}
Bf3 {[%clk 0:15:21]} 55. Rh4 {[%clk 0:13:52]} a5 {[%clk 0:15:23]} 56. bxa5 {[%clk
0:12:54]} Bc5+ {[%clk 0:15:40]} 57. Kf1 {[%clk 0:11:55]} bxa5 {[%clk 0:15:46]}
58. Bf5 {[%clk 0:11:08]} Bxa3 {[%clk 0:13:55]} 59. Rh7+ {[%clk 0:11:24]} Kf6
{[%clk 0:14:12]} 60. Ra7 {[%clk 0:10:35]} Bb4 {[%clk 0:12:54]} 61. Ra6+ {[%clk
0:10:49]} Kg5 {[%clk 0:12:57]} 62. Kf2 {[%clk 0:10:39]} Bd1 {[%clk 0:12:11]} 63.
Ke3 {[%clk 0:09:50]} Bc3 {[%clk 0:11:48]} 64. Be6 {[%clk 0:09:09]} Bc2 {[%clk
0:10:45]} 65. Ra8 {[%clk 0:09:07]} Be1 {[%clk 0:08:36]} 66. Kd4 {[%clk 0:06:57]}
Kf6 {[%clk 0:07:41]} 67. Bd5 {[%clk 0:05:55]} Bf2+ {[%clk 0:06:49]} 68. Kc3
{[%clk 0:06:12]} Bxe4 {[%clk 0:03:16]} 69. Bxe4 {[%clk 0:06:29]} Bxg3 {[%clk
0:03:43]} 70. Kd4 {[%clk 0:06:28]} Bf2+ {[%clk 0:03:19]} 71. Kd5 {[%clk 0:06:27]}
Nd7 {[%clk 0:01:33]} 72. Rxa5 {[%clk 0:05:43]} Ke7 {[%clk 0:01:02]} 73. Bf5
{[%clk 0:05:00]} Nb6+ {[%clk 0:01:17]} 74. Kc6 {[%clk 0:04:56]} Nc4 {[%clk
0:01:22]} 75. Ra2 {[%clk 0:04:54]} Bg3 {[%clk 0:01:03]} 76. Bh3 {[%clk 0:04:56]}
Ne3 {[%clk 0:00:39]} 77. Kc5 {[%clk 0:04:40]} Bf4 {[%clk 0:00:31]} 78. Kd4 {[%clk
0:04:38]} Bg5 {[%clk 0:00:43]} 79. Ra6 {[%clk 0:04:02]} Nc2+ {[%clk 0:00:35]} 80.
Ke5 {[%clk 0:04:15]} Be3 {[%clk 0:00:43]} 81. Rc6 {[%clk 0:04:03]} Nb4 {[%clk
0:00:45]} 82. Rc7+ {[%clk 0:04:24]} Kd8 {[%clk 0:01:00]} 83. Rd7+ {[%clk
0:03:46]} Ke8 {[%clk 0:01:27]} 84. Rh7 {[%clk 0:03:42]} Kf8 {[%clk 0:01:14]} 85.
Ke6 {[%clk 0:03:38]} Bd2 {[%clk 0:01:17]} 86. Rc7 {[%clk 0:03:13]} Bg5 {[%clk
0:00:43]} 87. Bf5 {[%clk 0:03:19]} Na2 {[%clk 0:00:46]} 88. Bh7 {[%clk 0:03:17]}
Nc1 {[%clk 0:00:34]} 89. Rf7+ {[%clk 0:03:30]} Ke8 {[%clk 0:01:01]} 90. Rg7
{[%clk 0:03:51]} 1-0

[Event "Irena Warakomska Memorial A"]
[Site "chessmanager.com"]
[Date "2018.08.04"]
[Round "5"]
[White "Wacior, Maciej"]
[Black "Bugalski, Michal"]
[Result "0-1"]
[Board "34"]
[WhiteElo "2110"]
[WhiteCountry "POL"]
[WhiteFideId "1127454"]
[WhiteEloChange "-6"]
[BlackElo "2263"]
[BlackCountry "POL"]
[BlackFideId "1122134"]
[BlackEloChange "6"]

1. d4 {[%clk 1:30:58]} Nf6 {[%clk 1:30:49]} 2. Bf4 {[%clk 1:31:24]} d5 {[%clk
1:31:09]} 3. Nf3 {[%clk 1:31:42]} c5 {[%clk 1:31:13]} 4. e3 {[%clk 1:32:06]} Qb6
{[%clk 1:30:59]} 5. b3 {[%clk 1:32:30]} Nc6 {[%clk 1:28:21]} 6. Be2 {[%clk
1:32:03]} Bf5 {[%clk 1:24:49]} 7. O-O {[%clk 1:29:04]} e6 {[%clk 1:22:07]} 8. Nc3
{[%clk 1:28:07]} Ne4 {[%clk 1:15:38]} 9. Nxe4 {[%clk 1:12:14]} Bxe4 {[%clk
1:13:42]} 10. c3 {[%clk 1:07:07]} cxd4 {[%clk 1:11:42]} 11. exd4 {[%clk 1:07:29]}
Ba3 {[%clk 1:11:41]} 12. Bc1 {[%clk 1:07:16]} Bd6 {[%clk 1:11:45]} 13. Bd3 {[%clk
1:07:40]} Bg6 {[%clk 0:52:21]} 14. Re1 {[%clk 1:03:09]} Qc7 {[%clk 0:43:24]} 15.
h3 {[%clk 1:03:21]} O-O {[%clk 0:39:27]} 16. Bb2 {[%clk 0:59:58]} Rac8 {[%clk
0:35:13]} 17. Bxg6 {[%clk 0:57:48]} hxg6 {[%clk 0:35:40]} 18. Ng5 {[%clk
0:54:24]} Ne7 {[%clk 0:33:44]} 19. h4 {[%clk 0:48:22]} Nf5 {[%clk 0:29:00]} 20.
h5 {[%clk 0:46:58]} Bh2+ {[%clk 0:28:56]} 21. Kh1 {[%clk 0:46:25]} Bf4 {[%clk
0:28:24]} 22. Nh3 {[%clk 0:38:14]} gxh5 {[%clk 0:24:29]} 23. Qf3 {[%clk 0:38:02]}
Bh6 {[%clk 0:24:13]} 24. Qxh5 {[%clk 0:33:13]} Bd2 {[%clk 0:24:08]} 25. Red1
{[%clk 0:27:46]} Bxc3 {[%clk 0:23:26]} 26. Rac1 {[%clk 0:25:55]} Qa5 {[%clk
0:23:50]} 27. Bxc3 {[%clk 0:26:20]} Rxc3 {[%clk 0:24:16]} 28. g4 {[%clk 0:26:01]}
g6 {[%clk 0:24:28]} 29. Qg5 {[%clk 0:26:30]} Rxh3+ {[%clk 0:09:21]} 30. Kg2
{[%clk 0:26:59]} Rh8 {[%clk 0:07:34]} 31. gxf5 {[%clk 0:27:24]} exf5 {[%clk
0:08:01]} 32. Rh1 {[%clk 0:27:30]} Kg7 {[%clk 0:08:12]} 33. Qe7 {[%clk 0:25:40]}
Qd8 {[%clk 0:07:46]} 34. Qe5+ {[%clk 0:25:44]} Qf6 {[%clk 0:07:50]} 35. Qxd5
{[%clk 0:25:56]} Qg5+ {[%clk 0:07:51]} 36. Kf3 {[%clk 0:26:25]} Qg4+ {[%clk
0:07:09]} 37. Ke3 {[%clk 0:26:53]} Re8+ {[%clk 0:05:18]} 38. Kd3 {[%clk 0:25:42]}
Qe2+ {[%clk 0:05:02]} 39. Kc3 {[%clk 0:26:07]} Qxf2 {[%clk 0:01:58]} 40. Rxh8
{[%clk 0:55:21]} Qe3+ {[%clk 0:31:46]} 41. Kb2 {[%clk 0:55:42]} Rxh8 {[%clk
0:29:26]} 42. Rc7 {[%clk 0:56:06]} Qe2+ {[%clk 0:27:16]} 43. Kc3 {[%clk 0:51:18]}
Rh3+ {[%clk 0:23:28]} 44. Kb4 {[%clk 0:51:40]} a5+ {[%clk 0:22:44]} 45. Ka3
{[%clk 0:50:24]} Rh2 {[%clk 0:23:04]} 46. Qxf7+ {[%clk 0:44:11]} Kh6 {[%clk
0:23:32]} 47. Ka4 {[%clk 0:44:33]} Qxa2+ {[%clk 0:20:01]} 48. Kb5 {[%clk
0:45:01]} a4 {[%clk 0:19:53]} 49. Qg7+ {[%clk 0:35:44]} Kg5 {[%clk 0:19:19]} 50.
Rc3 {[%clk 0:36:09]} Qg2 {[%clk 0:18:23]} 51. Qe7+ {[%clk 0:33:18]} Kg4 {[%clk
0:18:37]} 52. Qf7 {[%clk 0:31:25]} g5 {[%clk 0:17:42]} 53. Kxa4 {[%clk 0:31:50]}
b6 {[%clk 0:15:03]} 54. Kb5 {[%clk 0:31:14]} Rh6 {[%clk 0:14:20]} 55. Qd7 {[%clk
0:29:40]} Rh3 {[%clk 0:11:38]} 56. Rxh3 {[%clk 0:28:39]} Qxh3 {[%clk 0:12:03]}
57. b4 {[%clk 0:29:02]} Qd3+ {[%clk 0:05:11]} 58. Kxb6 {[%clk 0:29:11]} Kg3
{[%clk 0:05:37]} 59. d5 {[%clk 0:28:05]} f4 {[%clk 0:06:02]} 60. d6 {[%clk
0:27:58]} Qd4+ {[%clk 0:05:46]} 61. Ka5 {[%clk 0:27:06]} Qd5+ {[%clk 0:05:37]}
62. b5 {[%clk 0:27:18]} f3 {[%clk 0:05:39]} 63. Qc7 {[%clk 0:27:08]} Qe5 {[%clk
0:04:40]} 64. Kb6 {[%clk 0:27:23]} f2 {[%clk 0:04:29]} 65. d7 {[%clk 0:27:43]}
Qxc7+ {[%clk 0:04:54]} 66. Kxc7 {[%clk 0:28:11]} f1Q {[%clk 0:05:18]} 67. d8Q
{[%clk 0:26:37]} Qxb5 {[%clk 0:05:40]} 68. Qd6+ {[%clk 0:27:01]} Kf3 {[%clk
0:05:32]} 69. Qd1+ {[%clk 0:25:32]} Qe2 {[%clk 0:05:29]} 70. Qd5+ {[%clk
0:24:51]} Kf4 {[%clk 0:05:53]} 71. Qd4+ {[%clk 0:24:37]} Qe4 {[%clk 0:05:14]} 72.
Qd2+ {[%clk 0:23:48]} Kg4 {[%clk 0:05:26]} 73. Qd1+ {[%clk 0:24:10]} Qf3 {[%clk
0:05:41]} 74. Qd7+ {[%clk 0:24:35]} Kg3 {[%clk 0:05:59]} 75. Kb6 {[%clk 0:24:11]}
g4 {[%clk 0:06:09]} 76. Kb5 {[%clk 0:23:12]} Qe2+ {[%clk 0:05:08]} 77. Kb4 {[%clk
0:22:11]} Kh2 {[%clk 0:05:09]} 78. Qd6+ {[%clk 0:21:59]} g3 {[%clk 0:05:24]} 79.
Qh6+ {[%clk 0:22:25]} Kg1 {[%clk 0:05:06]} 80. Qc1+ {[%clk 0:22:46]} Kf2 {[%clk
0:04:41]} 81. Qc5+ {[%clk 0:22:08]} Kf1 {[%clk 0:04:42]} 82. Qf5+ {[%clk
0:22:27]} Qf2 {[%clk 0:04:56]} 83. Qd3+ {[%clk 0:22:45]} Kg1 {[%clk 0:03:41]} 84.
Qd1+ {[%clk 0:23:02]} Qf1 {[%clk 0:04:05]} 85. Qd4+ {[%clk 0:23:26]} Kh2 {[%clk
0:04:03]} 86. Qd2+ {[%clk 0:21:20]} g2 {[%clk 0:03:46]} 87. Qh6+ {[%clk 0:21:46]}
Kg1 {[%clk 0:02:55]} 88. Qe3+ {[%clk 0:22:11]} Qf2 {[%clk 0:03:02]} 89. Qc1+
{[%clk 0:22:36]} Kh2 {[%clk 0:03:27]} 90. Qh6+ {[%clk 0:23:01]} Kg3 {[%clk
0:03:54]} 91. Qg5+ {[%clk 0:22:38]} Kf3 {[%clk 0:04:20]} 92. Qh5+ {[%clk
0:23:05]} Ke3 {[%clk 0:04:37]} 93. Qe5+ {[%clk 0:23:29]} Kd2 {[%clk 0:04:46]} 94.
Qb2+ {[%clk 0:22:17]} Ke1 {[%clk 0:05:10]} 95. Qc1+ {[%clk 0:22:42]} Ke2 {[%clk
0:05:38]} 96. Qc4+ {[%clk 0:23:10]} Kf3 {[%clk 0:05:18]} 97. Qc6+ {[%clk
0:23:36]} Kg3 {[%clk 0:05:38]} 98. Qg6+ {[%clk 0:23:25]} Kh3 {[%clk 0:06:01]} 99.
Qe6+ {[%clk 0:23:47]} Kh4 {[%clk 0:05:18]} 100. Qh6+ {[%clk 0:23:51]} Kg3 {[%clk
0:05:43]} 101. Qg6+ {[%clk 0:24:16]} Kf3 {[%clk 0:04:15]} 102. Qc6+ {[%clk
0:24:19]} Ke2 {[%clk 0:03:50]} 103. Qc4+ {[%clk 0:24:43]} Kd1 {[%clk 0:03:33]}
104. Qb3+ {[%clk 0:21:58]} Kc1 {[%clk 0:03:20]} 105. Qc3+ {[%clk 0:21:18]} Kb1
{[%clk 0:03:31]} 106. Qd3+ {[%clk 0:21:37]} Qc2 {[%clk 0:03:42]} 107. Qe3 {[%clk
0:21:06]} Qb2+ {[%clk 0:03:00]} 108. Ka5 {[%clk 0:20:47]} Ka1 {[%clk 0:02:02]}
109. Qe1+ {[%clk 0:20:06]} Ka2 {[%clk 0:02:27]} 110. Qe6+ {[%clk 0:20:30]} Kb1
{[%clk 0:02:25]} 111. Qe1+ {[%clk 0:19:43]} Qc1 {[%clk 0:02:08]} 112. Qe4+ {[%clk
0:20:09]} Qc2 {[%clk 0:02:34]} 113. Qe1+ {[%clk 0:19:27]} Ka2 {[%clk 0:01:49]}
114. Qe6+ {[%clk 0:19:35]} Qb3 {[%clk 0:02:01]} 115. Qe2+ {[%clk 0:19:50]} Qb2
{[%clk 0:02:27]} 116. Qe6+ {[%clk 0:19:53]} Kb1 {[%clk 0:01:39]} 117. Qe1+ {[%clk
0:20:16]} Qc1 {[%clk 0:01:48]} 118. Qe4+ {[%clk 0:20:43]} Qc2 {[%clk 0:02:13]}
119. Qe1+ {[%clk 0:20:07]} Kb2 {[%clk 0:02:35]} 120. Qb4+ {[%clk 0:20:25]} Ka2
{[%clk 0:03:00]} 121. Qd4 {[%clk 0:20:22]} Qc7+ {[%clk 0:02:48]} 122. Ka4 {[%clk
0:20:24]} Qc6+ {[%clk 0:02:47]} 123. Kb4 {[%clk 0:20:13]} Qb7+ {[%clk 0:03:12]}
124. Ka4 {[%clk 0:19:38]} Qa8+ {[%clk 0:03:37]} 125. Kb5 {[%clk 0:19:42]} Qe8+
{[%clk 0:04:01]} 126. Kc5 {[%clk 0:18:06]} Qf8+ {[%clk 0:04:16]} 127. Kb6 {[%clk
0:17:36]} Qh6+ {[%clk 0:04:19]} 128. Ka7 {[%clk 0:17:48]} Qh7+ {[%clk 0:04:42]}
129. Ka6 {[%clk 0:15:44]} Qg6+ {[%clk 0:05:06]} 130. Ka5 {[%clk 0:16:06]} g1Q
{[%clk 0:04:34]} 131. Qa4+ {[%clk 0:15:42]} Kb2 {[%clk 0:04:27]} 132. Qb4+ {[%clk
0:16:05]} Kc2 {[%clk 0:04:50]} 133. Qa4+ {[%clk 0:16:07]} Kd3 {[%clk 0:04:43]}
134. Qb5+ {[%clk 0:16:27]} Ke4 {[%clk 0:04:57]} 135. Qc4+ {[%clk 0:16:45]} Kf3
{[%clk 0:04:09]} 136. Qd5+ {[%clk 0:16:39]} Kf4 {[%clk 0:03:30]} 137. Qd2+ {[%clk
0:16:53]} Qe3 {[%clk 0:03:45]} 138. Qh2+ {[%clk 0:17:21]} Qgg3 {[%clk 0:03:59]}
0-1

[Event "Irena Warakomska Memorial A"]
[Site "chessmanager.com"]
[Date "2018.08.04"]
[Round "5"]
[White "Czarnota, Pawel"]
[Black "Nowak, Lukasz"]
[Result "1-0"]
[Board "44"]
[WhiteElo "2549"]
[WhiteTitle "GM"]
[WhiteCountry "POL"]
[WhiteFideId "1121219"]
[WhiteEloChange "2"]
[BlackElo "2293"]
[BlackCountry "POL"]
[BlackFideId "1166760"]
[BlackEloChange "-4"]

1. e4 {[%clk 1:30:30]} c5 {[%clk 1:30:30]} 2. Nf3 {[%clk 1:30:30]} d6 {[%clk
1:30:30]} 3. Bb5+ {[%clk 1:30:30]} Nd7 {[%clk 1:30:49]} 4. d4 {[%clk 1:30:49]}
cxd4 {[%clk 1:31:09]} 5. Qxd4 {[%clk 1:31:08]} a6 {[%clk 1:31:28]} 6. Bxd7+
{[%clk 1:31:18]} Bxd7 {[%clk 1:31:48]} 7. Nc3 {[%clk 1:31:32]} e5 {[%clk
1:32:08]} 8. Qd3 {[%clk 1:31:41]} Rc8 {[%clk 1:32:17]} 9. Bg5 {[%clk 1:27:59]}
Qa5 {[%clk 1:18:44]} 10. O-O {[%clk 1:22:59]} h6 {[%clk 1:15:26]} 11. Bh4 {[%clk
1:18:43]} g5 {[%clk 1:13:56]} 12. Bg3 {[%clk 1:19:03]} Nf6 {[%clk 1:14:11]} 13.
Rfd1 {[%clk 1:05:51]} Be7 {[%clk 1:06:35]} 14. h4 {[%clk 0:50:27]} Bg4 {[%clk
0:45:21]} 15. hxg5 {[%clk 0:44:29]} hxg5 {[%clk 0:41:15]} 16. Re1 {[%clk
0:44:54]} Rh5 {[%clk 0:30:54]} 17. Nd2 {[%clk 0:42:52]} Be6 {[%clk 0:30:30]} 18.
a3 {[%clk 0:34:12]} Kf8 {[%clk 0:27:26]} 19. Nd1 {[%clk 0:27:58]} Kg7 {[%clk
0:27:26]} 20. Ne3 {[%clk 0:28:17]} Rch8 {[%clk 0:27:25]} 21. Kf1 {[%clk 0:27:24]}
Rh1+ {[%clk 0:26:53]} 22. Ke2 {[%clk 0:27:32]} Rxe1+ {[%clk 0:26:53]} 23. Rxe1
{[%clk 0:27:52]} Nh5 {[%clk 0:26:51]} 24. c4 {[%clk 0:23:20]} Nf4+ {[%clk
0:25:38]} 25. Bxf4 {[%clk 0:23:43]} gxf4 {[%clk 0:25:58]} 26. Nf5+ {[%clk
0:21:31]} Bxf5 {[%clk 0:20:16]} 27. exf5 {[%clk 0:21:50]} b5 {[%clk 0:18:12]} 28.
g3 {[%clk 0:18:48]} bxc4 {[%clk 0:10:28]} 29. Nxc4 {[%clk 0:19:05]} Qb5 {[%clk
0:10:49]} 30. gxf4 {[%clk 0:18:47]} d5 {[%clk 0:08:13]} 31. Rg1+ {[%clk 0:03:12]}
Kf8 {[%clk 0:08:13]} 32. Nd2 {[%clk 0:03:31]} Qxd3+ {[%clk 0:06:43]} 33. Kxd3
{[%clk 0:03:56]} Bf6 {[%clk 0:06:57]} 34. fxe5 {[%clk 0:03:18]} Bxe5 {[%clk
0:06:57]} 35. b4 {[%clk 0:02:38]} Ke7 {[%clk 0:06:42]} 36. Nf3 {[%clk 0:02:10]}
Bb2 {[%clk 0:06:24]} 37. a4 Rc8 {[%clk 0:06:28]} 38. Rb1 Rc3+ {[%clk 0:06:15]}
39. Ke2 {[%clk 0:00:03]} Rc2+ {[%clk 0:06:19]} 40. Ke3 Rc3+ {[%clk 0:06:03]} 41.
Kd4 Rc4+ 42. Kxd5 Rxb4 43. Ne5 Kf6 44. Nc4 Bc3 45. Rxb4 Bxb4 46. Ke4 Be1 47. f3
Bf2 48. Ne5 Be1 49. Nd7+ Ke7 50. Nc5 a5 51. Ke5 Bc3+ 52. Kd5 Bb2 53. Ne4 Ba1 54.
Kc5 Be5 55. Kb6 1-0